| 000 | 00635 a2200181 4500 | ||
|---|---|---|---|
| 003 | NUST | ||
| 038 | _aazhar | ||
| 040 | _aDLC | ||
| 082 | _a378.242 | ||
| 100 |
_aM. Nasir Rasul _992187 |
||
| 245 |
_aPersonal Information and Summarization Assistant [Project BIT1] _cM. Nasir Rasul |
||
| 260 |
_aIsalamabad, _bNUST Institute of Information Technology, _c2004. |
||
| 300 |
_avii, 78 p. : _bil. ; _c27 cm. _eCD-ROM |
||
| 500 | _aSupervisor : Dr. Hafiz Farooq Ahmad. | ||
| 650 |
_a1.Artificial Intelligence. 2.Summarization assistant _992188 |
||
| 856 | _uhttp://10.250.8.41:8080/xmlui/handle/123456789/11498 | ||
| 942 |
_cPR _k378.242 NAS _2ddc |
||
| 999 |
_c8901 _d8901 |
||